MARC details
| 000 -CABECERA |
| campo de control de longitud fija |
00979nam a2200241 a 4500 |
| 005 - FECHA Y HORA DE LA ÚLTIMA TRANSACCIÓN |
| campo de control |
20240221063716.0 |
| 008 - ELEMENTOS DE LONGITUD FIJA--INFORMACIÓN GENERAL |
| campo de control de longitud fija |
991125s1979 mx 000 0 spa u |
| 035 ## - NÚMERO DE CONTROL DEL SISTEMA |
| Número de control de sistema |
UPN01000004748 |
| 049 ## - COLECCIÓN |
| Colección |
SEP |
| 050 #4 - SIGNATURA TOPOGRÁFICA DE LA BIBLIOTECA DEL CONGRESO |
| Número de clasificación |
LC5309 U58 |
| Número de documento/Ítem |
L4101 1979 |
| 100 1# - ASIENTO PRINCIPAL--NOMBRE PERSONAL |
| Nombre de persona |
Sandoval Valdez, Arturo |
| 245 10 - MENCIÓN DE TÍTULO |
| Título |
Aspectos básicos de la administración / |
| Mención de responsabilidad, etc. |
Arturo Sandoval Valdez, Rodrigo Valenzuela Silerio, Graciela Ortiz Juárez. |
| 260 ## - PUBLICACIÓN, DISTRIBUCIÓN, ETC. |
| Lugar de publicación, distribución, etc. |
México : |
| Nombre del editor, distribuidor, etc. |
SEP, Dirección General de Capacitación y Mejoramiento Profesional del Magisterio, |
| Fecha de publicación, distribución, etc. |
1979. |
| 300 ## - DESCRIPCIÓN FÍSICA |
| Extensión |
85 p. |
| 440 #0 - MENCIÓN DE SERIE/ASIENTO SECUNDARIO--TÍTULO |
| Título |
Seminario de legislación, organización y administración escolar : primer curso |
| Designación de volumen o secuencia |
unidad ; 1 |
| 500 ## - NOTA GENERAL |
| Nota general |
"Programa Nacional de Capacitación del Magisterio, 1978-1982" |
| 500 ## - NOTA GENERAL |
| Nota general |
Datos tomados de la cubierta |
| 650 #4 - ASIENTO SECUNDARIO DE MATERIA - TERMINO TEMATICO |
| Término de materia o nombre geográfico como elemento de entrada |
Administración |
| 9 (RLIN) |
28 |
| 650 #4 - ASIENTO SECUNDARIO DE MATERIA - TERMINO TEMATICO |
| Término de materia o nombre geográfico como elemento de entrada |
Educación a distancia |
| 9 (RLIN) |
7924 |
| 700 1# - ASIENTO SECUNDARIO--NOMBRE DE PERSONAL |
| Nombre de persona |
Valenzuela Silerio, Rodrigo, |
| Término indicativo de función/relación |
coaut. |
| 700 1# - ASIENTO SECUNDARIO--NOMBRE DE PERSONAL |
| Nombre de persona |
Ortiz Juárez, Graciela, |
| Término indicativo de función/relación |
coaut. |
| 905 ## - TIPO DE MATERIAL |
| Tipo de material |
Libro |